Regions and Regionalism in the United States : (Record no. 619486)

MARC details
000 -LEADER
fixed length control field 00519nam a2200193 a 4500
008 - FIXED-LENGTH DATA ELEMENTS--GENERAL INFORMATION
fixed length control field 260416s1988##################000#0#eng##
020 ## - INTERNATIONAL STANDARD BOOK NUMBER
ISBN 9780333398616
082 04 - DEWEY DECIMAL CLASSIFICATION NUMBER
Classification number 361.610973
Item number BRA
100 1# - MAIN ENTRY--AUTHOR NAME
Personal name Bradshaw, Michael,
245 10 - TITLE STATEMENT
Title Regions and Regionalism in the United States :
260 ## - PUBLICATION, DISTRIBUTION, ETC. (IMPRINT)
Name of publisher Red Globe Press,
Year of publication 1988.
300 ## - PHYSICAL DESCRIPTION
Number of Pages 212 pages
650 #0 - SUBJECT ADDED ENTRY--TOPICAL TERM
Topical Term History.
942 ## - ADDED ENTRY ELEMENTS (KOHA)
Koha item type English Books
Holdings
Withdrawn status Lost status Damaged status Not for loan Home library Current library Shelving location Date acquired Full call number Accession Number Price effective from Koha item type
        Anna Centenary Library Anna Centenary Library 4TH FLOOR, A WING 16.04.2026 361.610973 BRA 319253 16.04.2026 English Books

Find us on the map